| 000 | 00576cam a22002171 4500 | ||
|---|---|---|---|
| 001 | 7034377 | ||
| 005 | 20180301043003.0 | ||
| 008 | 740718t19631962nyu 000 0 eng | ||
| 010 | _a 62020104 | ||
| 015 | _aGB63-7957 | ||
| 035 | _a(OCoLC)951121 | ||
| 040 |
_aDLC _cTxU-Da _dOCoLC _dUk _dDLC |
||
| 041 | _aeng | ||
| 080 | _a192 | ||
| 082 | _a192 STE | ||
| 100 | 1 | _a24 | |
| 101 | _aFIL | ||
| 245 | 1 | 0 |
_aHistory of English thought in the eighteenth century. _cWith a new pref. by Crane Brinton. |
| 906 |
_a7 _bcbc _coclcrpl _du _encip _f19 _gy-gencatlg |
||
| 942 |
_2ddc _cBK |
||
| 999 |
_c43792 _d43792 |
||